Welding Technology 2024: Industrial development technology of European Union 2nd International Scientific Conference, 5th November 2024, Bratislava /

Salvato in:
Dettagli Bibliografici
Ente Autore: Welding Technology 2024 Bratislava
Altri autori: Marônek, Milan, 1961- (Revisore), Polák, Peter (Revisore), Sárosi, József (Revisore), Kovács, György (Revisore), Loboda, Pietro (Revisore)
Natura: Atti del Convegno Libro
Lingua:inglese
Pubblicazione: Trnava : AlumniPress, 2024
Edizione:1. vyd.
Tags: Aggiungi Tag
Nessun Tag, puoi essere il primo ad aggiungerne!!

MARC

LEADER 00000nam a22000003a 4500
001 0114045
003 SK-STU
005 20250128075856.0
007 ta
008 250128s ----xo-----e------000-0-----d
020 |a 978-80-8096-307-1 
040 |a STU  |b slo 
041 0 |a eng 
044 |a xo 
100 1 |a Marônek, Milan,  |d 1961-  |u 063100  |4 rev  |r Z1  |U MTF Ústav výrobných technológií  |T MTF Katedra zvárania a spájania materiálov  |X 290  |U M3100  |Y 162  |7 A000000290 
111 2 |a Welding Technology 2024  |n 2th  |d 05.11.2024 :  |c Bratislava 
245 1 0 |a Welding Technology 2024: Industrial development technology of European Union  |h [proceedings] :  |b 2nd International Scientific Conference, 5th November 2024, Bratislava /  |c rec. Milan Marônek ; rec. Peter Polák, József Sárosi, György Kovács, Pietro Loboda 
250 |a 1. vyd. 
260 |a Trnava :  |b AlumniPress,  |c 2024 
300 |a 153 s. 
700 1 |a Polák, Peter  |4 rev 
700 1 |a Sárosi, József  |4 rev 
700 1 |a Kovács, György  |4 rev 
700 1 |a Loboda, Pietro  |4 rev 
996 |b 284M089547  |c M* CD-2789  |l MMKN  |s A  |a 24  |w 0114045_0001